L'ethnographie préhistorique de la Russie du nord et des etats Baltiques du nord

Elmentve itt :
Bibliográfiai részletek
Szerző: Tallgren Aarne Michaël
Dokumentumtípus: Cikk
Megjelent: 1923
Kulcsszavak:Néprajz - balti népek, Régészet - leletek - balti népek, Néprajz - Észak-Oroszország
Tárgyszavak:
Online Access:http://misc.bibl.u-szeged.hu/61356
LEADER 00869nab a2200229 i 4500
001 misc61356
005 20241003101953.0
008 230801s1923 hu o 000 fre d
040 |a SZTE Miscellanea Repozitórium  |b hun 
041 |a fre 
100 1 |a Tallgren Aarne Michaël 
245 1 0 |a L'ethnographie préhistorique de la Russie du nord et des etats Baltiques du nord  |h [elektronikus dokumentum] /  |c  Tallgren Aarne Michaël 
260 |c 1923 
300 |a 23 p.  |c 24 cm 
561 |a Németh Gyula hagyaték 
591 |a NOV 5920 
650 4 |a Társadalomtudományok 
650 4 |a Szociológia 
650 4 |a Bölcsészettudományok 
650 4 |a Történettudomány és régészet 
695 |a Néprajz - balti népek, Régészet - leletek - balti népek, Néprajz - Észak-Oroszország 
856 4 0 |u http://misc.bibl.u-szeged.hu/61356/1/5920_nov.pdf  |z Dokumentum-elérés